| 000 | 00712nam a2200229Ia 4500 | ||
|---|---|---|---|
| 005 | 20220705152006.0 | ||
| 008 | 140110s9999 xx 000 0 und d | ||
| 020 |
_a9788131603949 _cRs.925.00 |
||
| 040 | _aLoreto College | ||
| 041 | _aEnglish | ||
| 082 |
_a304.6 _bRAM |
||
| 245 |
_aPopulation, gender and reproductive health _cEditors F Ram, Sayeed Unisa, T.V. Sekher |
||
| 260 |
_aJaipur _bRawat Publications _c2011 |
||
| 300 |
_a416p _btables |
||
| 504 | _aPublished in collaboration with International Institute for Population Sciences, Mumbai | ||
| 630 | _aGender Studies | ||
| 650 | _aHealth-Reproductive | ||
| 651 | _aPopulation Studies | ||
| 700 | _aRam, F,ed | ||
| 850 | _aLCLIB | ||
| 942 | _cBK | ||
| 999 |
_c37384 _d87863 |
||